<?xml version="1.0" encoding="UTF-8"?>
<record
    xmlns:xsi="http://www.w3.org/2001/XMLSchema-instance"
    xsi:schemaLocation="http://www.loc.gov/MARC21/slim http://www.loc.gov/standards/marcxml/schema/MARC21slim.xsd"
    xmlns="http://www.loc.gov/MARC21/slim">

  <leader>01094nam1a2200301 i 4500</leader>
  <controlfield tag="001">RU\NLR\bibl\1716135</controlfield>
  <controlfield tag="005">20241106001533.0</controlfield>
  <datafield tag="035" ind1=" " ind2=" ">
    <subfield code="a">(NLR Aleph) 001707149</subfield>
  </datafield>
  <datafield tag="090" ind1=" " ind2=" ">
    <subfield code="a">1257120</subfield>
    <subfield code="c">1257120</subfield>
  </datafield>
  <datafield tag="100" ind1=" " ind2=" ">
    <subfield code="a">20101220d2009    u  y0rusy50      ca</subfield>
  </datafield>
  <datafield tag="101" ind1="0" ind2=" ">
    <subfield code="a">rus</subfield>
  </datafield>
  <datafield tag="102" ind1=" " ind2=" ">
    <subfield code="a">RU</subfield>
  </datafield>
  <datafield tag="105" ind1=" " ind2=" ">
    <subfield code="a">a   |||||||||</subfield>
  </datafield>
  <datafield tag="200" ind1="1" ind2=" ">
    <subfield code="a">&#x410;&#x43D;&#x434;&#x440;&#x435;&#x439; &#x428;&#x43C;&#x43E;&#x43D;&#x44C;&#x43A;&#x438;&#x43D;</subfield>
    <subfield code="e">[&#x430;&#x43B;&#x44C;&#x431;&#x43E;&#x43C;</subfield>
    <subfield code="e">&#x432; 2 &#x442;.</subfield>
    <subfield code="f">&#x441;&#x43E;&#x441;&#x442;.: &#x410;&#x43D;&#x434;&#x440;&#x435;&#x439; &#x428;&#x43C;&#x43E;&#x43D;&#x44C;&#x43A;&#x438;&#x43D;, &#x41C;&#x443;&#x440;&#x430;&#x442; &#x415;&#x43B;&#x435;&#x43A;&#x43E;&#x435;&#x432;]</subfield>
  </datafield>
  <datafield tag="210" ind1=" " ind2=" ">
    <subfield code="a">&#x421;&#x430;&#x43D;&#x43A;&#x442;-&#x41F;&#x435;&#x442;&#x435;&#x440;&#x431;&#x443;&#x440;&#x433;</subfield>
    <subfield code="c">&#x410;&#x440;&#x442;&#x438;&#x43D;&#x434;&#x435;&#x43A;&#x441;</subfield>
    <subfield code="d">2009</subfield>
  </datafield>
  <datafield tag="215" ind1=" " ind2=" ">
    <subfield code="d">29</subfield>
  </datafield>
  <datafield tag="309" ind1=" " ind2=" ">
    <subfield code="a">&#x412;&#x43B;&#x43E;&#x436;&#x435;&#x43D;&#x430; &#x441; &#x434;&#x440;. &#x43A;&#x43D;. &#x432; &#x444;&#x443;&#x442;&#x43B;&#x44F;&#x440;</subfield>
  </datafield>
  <datafield tag="463" ind1=" " ind2="0">
    <subfield code="1">0011508178</subfield>
  </datafield>
  <datafield tag="463" ind1=" " ind2="0">
    <subfield code="1">0011508196</subfield>
  </datafield>
  <datafield tag="600" ind1=" " ind2="1">
    <subfield code="a">&#x428;&#x43C;&#x43E;&#x43D;&#x44C;&#x43A;&#x438;&#x43D;</subfield>
    <subfield code="b">&#x410;.</subfield>
    <subfield code="f">1959</subfield>
    <subfield code="g">&#x410;&#x43D;&#x434;&#x440;&#x435;&#x439;</subfield>
    <subfield code="j">&#x410;&#x43B;&#x44C;&#x431;&#x43E;&#x43C;&#x44B;</subfield>
    <subfield code="9">2609468</subfield>
    <subfield code="3">RU\NLR\auth\661546026</subfield>
  </datafield>
  <datafield tag="686" ind1=" " ind2=" ">
    <subfield code="a">&#x429;113(2&#x420;=&#x420;&#x443;&#x441;)7-8&#x428;&#x43C;&#x43E;&#x43D;&#x44C;&#x43A;&#x438;&#x43D; &#x44F;61</subfield>
  </datafield>
  <datafield tag="686" ind1=" " ind2=" ">
    <subfield code="a">&#x429;153(2&#x420;=&#x420;&#x443;&#x441;)7-8&#x428;&#x43C;&#x43E;&#x43D;&#x44C;&#x43A;&#x438;&#x43D; &#x44F;61</subfield>
  </datafield>
  <datafield tag="700" ind1=" " ind2="1">
    <subfield code="a">&#x428;&#x43C;&#x43E;&#x43D;&#x44C;&#x43A;&#x438;&#x43D;</subfield>
    <subfield code="b">&#x410;. &#x410;.</subfield>
    <subfield code="f">1959-</subfield>
    <subfield code="g">&#x410;&#x43D;&#x434;&#x440;&#x435;&#x439; &#x410;.</subfield>
    <subfield code="4">070</subfield>
  </datafield>
  <datafield tag="801" ind1=" " ind2="0">
    <subfield code="a">RU</subfield>
    <subfield code="b">NLR</subfield>
    <subfield code="c">20101220</subfield>
    <subfield code="g">RCR</subfield>
  </datafield>
  <datafield tag="801" ind1=" " ind2="1">
    <subfield code="a">RU</subfield>
    <subfield code="b">NLR</subfield>
    <subfield code="c">20101220</subfield>
  </datafield>
  <datafield tag="852" ind1=" " ind2=" ">
    <subfield code="a">NLR</subfield>
    <subfield code="b">&#x42D;</subfield>
    <subfield code="j">&#x410;&#x43B;&#x418;&#x441;365,1/2-&#x428;748</subfield>
  </datafield>
  <datafield tag="942" ind1=" " ind2=" ">
    <subfield code="c">BOOK</subfield>
  </datafield>
</record>
